[Event "XI Paracin Festival 2018"]
[Site "Paracin"]
[Date "2018.07.07"]
[Round "3"]
[White "Ivic, Matija"]
[Black "Arsovic, Zoran"]
[Result "1/2-1/2"]
[WhiteElo "2245"]
[BlackElo "2436"]
[Annotator "NA"]
[PlyCount "140"]
[EventDate "2018.07.06"]
[EventType "swiss"]
[EventCountry "SRB"]
[SourceTitle "playchess.com"]
[Source "ChessBase"]
[SourceQuality "1"]
[TimeControl "5400+30"]

1. Nf3 {[%emt 0:00:00]} c5 {[%emt 0:08:07]} 2. c4 {[%emt 0:00:00]} Nf6 {[%emt 0:04:27]} 3. d4 {[%emt 0:00:45]} cxd4 {[%emt 0:03:09]} 4. Nxd4 {[%emt 0:00:21]} b6 {[%emt 0:00:36]} 5. Nc3 {[%emt 0:00:54]} Bb7 {[%emt 0:00:13]} 6. f3 {[%emt 0:00:33]} d6 {[%emt 0:00:18]} 7. e4 {[%emt 0:00:11]} e6 {[%emt 0:00:11]} 8. Be3 {[%emt 0:00:29]} Be7 {[%emt 0:00:30]} 9. Be2 {[%emt 0:00:06]} O-O {[%emt 0:00:18]} 10. O-O {[%emt 0:00:06]} a6 {[%emt 0:01:17]} 11. Qd2 {[%emt 0:00:08]} Qc7 {[%emt 0:00:58]} 12. Rac1 {[%emt 0:00:25]} Nbd7 {[%emt 0:01:14]} 13. Rfd1 {[%emt 0:00:13]} Rac8 {[%emt 0:05:24]} 14. Bf2 {[%emt 0:02:37]} Qb8 {[%emt 0:01:51]} 15. Bf1 {[%emt 0:02:52]} Kh8 {[%emt 0:09:37]} 16. Re1 {[%emt 0:03:01]} Qa8 {[%emt 0:11:17]} 17. Na4 {[%emt 0:04:09]} Rfe8 {[%emt 0:02:13]} 18. Nb3 {[%emt 0:02:28]} Qb8 {[%emt 0:00:32]} 19. Qe3 {[%emt 0:02:00]} Bd8 {[%emt 0:01:02]} 20. Nc3 {[%emt 0:01:38]} Bc7 {[%emt 0:00:25]} 21. Qd2 {[%emt 0:05:38]} d5 {[%emt 0:04:30]} 22. cxd5 {[%emt 0:00:43]} Bxh2+ {[%emt 0:00:48]} 23. Kh1 {[%emt 0:00:01]} Bf4 {[%emt 0:03:51]} 24. Be3 {[%emt 0:00:09]} Bxe3 {[%emt 0:03:14]} 25. Rxe3 {[%emt 0:02:01]} exd5 {[%emt 0:02:22]} 26. exd5 {[%emt 0:01:38]} Rxe3 {[%emt 0:00:40]} 27. Qxe3 {[%emt 0:00:03]} Re8 {[%emt 0:00:47]} 28. Qd4 {[%emt 0:00:12]} Re5 {[%emt 0:09:00]} 29. d6 {[%emt 0:00:43]} Re6 {[%emt 0:00:00]} 30. Rd1 {[%emt 0:02:01]} Ne8 {[%emt 0:00:29]} 31. Qa4 {[%emt 0:00:45]} Qc8 {[%emt 0:14:49]} 32. Qb4 {[%emt 0:02:35]} Qb8 {[%emt 0:03:12]} 33. Qa4 {[%emt 0:00:24]} Qd8 {[%emt 0:01:50]} 34. Bxa6 {[%emt 0:00:44]} Rh6+ {[%emt 0:05:00]} 35. Kg1 {[%emt 0:00:05]} Bxf3 {[%emt 0:01:32]} 36. gxf3 {[%emt 0:00:38]} Qg5+ {[%emt 0:00:26]} 37. Kf1 {[%emt 0:06:42]} Rh1+ {[%emt 0:00:54]} 38. Ke2 {[%emt 0:02:45]} Rh2+ {[%emt 0:00:07]} 39. Kd3 {[%emt 0:00:29]} Ne5+ {[%emt 0:00:17]} 40. Kd4 {[%emt 0:00:41]} Nxf3+ {[%emt 0:01:49]} 41. Kc4 {[%emt 0:00:32]} Rh4+ {[%emt 0:00:22]} 42. Nd4 {[%emt 0:00:25]} Nxd6+ {[%emt 0:00:41]} 43. Kb3 {[%emt 0:00:47]} Ne5 {[%emt 0:00:38]} 44. Be2 {[%emt 0:04:55]} h5 {[%emt 0:00:18]} 45. Qa8+ {[%emt 0:00:19]} Kh7 {[%emt 0:00:07]} 46. Qd5 {[%emt 0:00:03]} Qe7 {[%emt 0:00:55]} 47. Nf3 {[%emt 0:01:26]} Nxf3 {[%emt 0:00:27]} 48. Bxf3 {[%emt 0:00:12]} Ne8 {[%emt 0:00:33]} 49. Bxh5 {[%emt 0:01:15]} Nf6 {[%emt 0:00:18]} 50. Qd3+ {[%emt 0:01:39]} g6 {[%emt 0:00:25]} 51. Bf3 {[%emt 0:00:13]} Qb4+ {[%emt 0:00:44]} 52. Kc2 {[%emt 0:00:05]} Rh2+ {[%emt 0:00:27]} 53. Be2 {[%emt 0:00:19]} Kg7 {[%emt 0:00:44]} 54. Rf1 {[%emt 0:02:00]} Qg4 {[%emt 0:00:30]} 55. Rxf6 {[%emt 0:05:25]} Rxe2+ {[%emt 0:00:06]} 56. Qxe2 {[%emt 0:00:03]} Qxe2+ {[%emt 0:00:07]} 57. Nxe2 {[%emt 0:00:01]} Kxf6 {[%emt 0:00:07]} 58. Kd3 {[%emt 0:00:15]} Ke5 {[%emt 0:00:09]} 59. Ng1 {[%emt 0:04:49]} g5 {[%emt 0:01:00]} 60. Ke3 {[%emt 0:00:53]} Kd5 {[%emt 0:01:05]} 61. Nh3 {[%emt 0:02:15]} f6 62. Kd3 {[%emt 0:00:47]} Ke5 {[%emt 0:00:57]} 63. a4 {[%emt 0:01:05]} g4 {[%emt 0:00:49]} 64. Ng1 {[%emt 0:00:22]} f5 {[%emt 0:00:20]} 65. b4 {[%emt 0:01:42]} f4 {[%emt 0:00:38]} 66. a5 {[%emt 0:00:13]} bxa5 {[%emt 0:00:30]} 67. bxa5 {[%emt 0:00:02]} Kd5 {[%emt 0:00:07]} 68. a6 {[%emt 0:00:04]} Kc6 {[%emt 0:00:05]} 69. Ke4 {[%emt 0:00:01]} f3 {[%emt 0:00:14]} 70. Nxf3 Kc5 1/2-1/2

[Event "XI Paracin Festival 2018"]
[Site "Paracin"]
[Date "2018.07.07"]
[Round "3"]
[White "Vujacic, Borivoje"]
[Black "Mcphillips, Joseph"]
[Result "0-1"]
[WhiteElo "2211"]
[BlackElo "2402"]
[Annotator "NA"]
[PlyCount "84"]
[EventDate "2018.07.06"]
[EventType "swiss"]
[EventCountry "SRB"]
[SourceTitle "playchess.com"]
[Source "ChessBase"]
[SourceQuality "1"]
[TimeControl "5400+30"]

1. e4 {[%emt 0:00:00]} e6 {[%emt 0:03:16]} 2. d4 {[%emt 0:00:12]} d5 {[%emt 0:00:01]} 3. Nd2 {[%emt 0:00:47]} Nf6 {[%emt 0:00:02]} 4. e5 {[%emt 0:00:39]} Nfd7 {[%emt 0:00:01]} 5. Bd3 {[%emt 0:00:56]} c5 {[%emt 0:00:02]} 6. c3 {[%emt 0:00:13]} Nc6 {[%emt 0:00:01]} 7. Ne2 {[%emt 0:00:33]} cxd4 {[%emt 0:00:02]} 8. cxd4 {[%emt 0:00:12]} f6 {[%emt 0:00:01]} 9. exf6 {[%emt 0:00:48]} Nxf6 {[%emt 0:00:02]} 10. Nf3 {[%emt 0:01:18]} Bd6 {[%emt 0:00:01]} 11. O-O {[%emt 0:00:33]} Qc7 {[%emt 0:00:02]} 12. Nc3 {[%emt 0:03:08]} a6 {[%emt 0:00:00]} 13. Bg5 {[%emt 0:04:05]} O-O {[%emt 0:00:02]} 14. Rc1 {[%emt 0:06:16]} h6 {[%emt 0:02:28]} 15. Bh4 {[%emt 0:06:58]} Nh5 {[%emt 0:34:03]} 16. Re1 {[%emt 0:11:27]} Qf7 {[%emt 0:07:23]} 17. Be2 {[%emt 0:20:14]} Nf4 {[%emt 0:18:04]} 18. Bg3 {[%emt 0:03:36]} Bd7 {[%emt 0:00:53]} 19. Na4 {[%emt 0:03:55]} Bb4 {[%emt 0:09:18]} 20. Nc3 {[%emt 0:03:10]} Bd6 {[%emt 0:03:33]} 21. Na4 {[%emt 0:00:06]} Bb4 {[%emt 0:00:01]} 22. Nc3 {[%emt 0:00:12]} Rae8 {[%emt 0:00:53]} 23. a3 {[%emt 0:02:12]} Bd6 {[%emt 0:00:54]} 24. Na4 {[%emt 0:00:30]} Re7 {[%emt 0:00:57]} 25. Nc5 {[%emt 0:04:46]} Be8 {[%emt 0:00:01]} 26. Nd3 {[%emt 0:05:13]} Qf6 {[%emt 0:00:36]} 27. Nxf4 {[%emt 0:02:39]} Bxf4 {[%emt 0:00:02]} 28. Rc3 {[%emt 0:00:48]} Bh5 {[%emt 0:00:46]} 29. Bxa6 {[%emt 0:04:26]} Bxg3 {[%emt 0:13:52]} 30. hxg3 {[%emt 0:00:50]} Bxf3 {[%emt 0:01:37]} 31. Rxf3 {[%emt 0:03:20]} Qxd4 {[%emt 0:00:04]} 32. Qxd4 {[%emt 0:02:08]} Nxd4 {[%emt 0:00:03]} 33. Rd3 {[%emt 0:01:34]} Nf5 {[%emt 0:01:29]} 34. Bb5 {[%emt 0:01:38]} Nd6 {[%emt 0:00:36]} 35. a4 {[%emt 0:01:41]} Nxb5 {[%emt 0:05:24]} 36. axb5 {[%emt 0:00:07]} Rd8 {[%emt 0:00:29]} 37. f4 {[%emt 0:01:28]} Rd6 {[%emt 0:00:13]} 38. Re5 {[%emt 0:02:44]} g6 {[%emt 0:00:42]} 39. Kf2 {[%emt 0:00:32]} Rc7 {[%emt 0:00:26]} 40. g4 {[%emt 0:02:29]} Kf7 {[%emt 0:00:13]} 41. Rc3 {[%emt 0:01:36]} Rxc3 {[%emt 0:01:13]} 42. bxc3 {[%emt 0:00:06]} Kf6 {[%emt 0:00:14]} 0-1

[Event "XI Paracin Festival 2018"]
[Site "Paracin"]
[Date "2018.07.07"]
[Round "3"]
[White "Trifunovic, Miroljub"]
[Black "Brankovic, Dejan"]
[Result "0-1"]
[WhiteElo "2198"]
[BlackElo "2377"]
[Annotator "NA"]
[PlyCount "78"]
[EventDate "2018.07.06"]
[EventType "swiss"]
[EventCountry "SRB"]
[SourceTitle "playchess.com"]
[Source "ChessBase"]
[SourceQuality "1"]
[TimeControl "5400+30"]

1. d4 {[%emt 0:00:00]} Nf6 {[%emt 0:00:00]} 2. Nf3 {[%emt 0:00:00]} g6 {[%emt 0:00:00]} 3. g3 {[%emt 0:00:06]} Bg7 {[%emt 0:00:01]} 4. Bg2 {[%emt 0:00:06]} O-O {[%emt 0:00:16]} 5. O-O {[%emt 0:00:14]} d6 {[%emt 0:00:36]} 6. h3 {[%emt 0:01:08]} c6 {[%emt 0:02:39]} 7. c4 {[%emt 0:02:45]} a6 {[%emt 0:00:06]} 8. a4 {[%emt 0:01:51]} a5 {[%emt 0:00:05]} 9. Nc3 {[%emt 0:00:55]} Na6 {[%emt 0:01:58]} 10. e4 {[%emt 0:08:35]} Nd7 {[%emt 0:04:42]} 11. Be3 {[%emt 0:11:42]} e5 {[%emt 0:03:35]} 12. Qd2 {[%emt 0:10:07]} exd4 {[%emt 0:02:49]} 13. Nxd4 {[%emt 0:01:01]} Nac5 {[%emt 0:15:03]} 14. Ra3 {[%emt 0:09:58]} Ne5 {[%emt 0:12:24]} 15. Qe2 {[%emt 0:09:24]} Re8 {[%emt 0:03:20]} 16. Rd1 {[%emt 0:01:19]} Qe7 {[%emt 0:04:53]} 17. f4 {[%emt 0:16:20]} Ned7 {[%emt 0:00:50]} 18. Bf2 {[%emt 0:02:03]} f5 {[%emt 0:07:41]} 19. e5 {[%emt 0:06:19]} dxe5 {[%emt 0:01:42]} 20. Nxc6 {[%emt 0:00:15]} bxc6 {[%emt 0:01:30]} 21. Bxc6 {[%emt 0:00:14]} Rb8 {[%emt 0:06:38]} 22. Qd2 {[%emt 0:04:56]} e4 {[%emt 0:04:28]} 23. Qd5+ {[%emt 0:01:20]} Kf8 {[%emt 0:04:02]} 24. Bxc5 {[%emt 0:01:42]} Qxc5+ {[%emt 0:00:15]} 25. Qxc5+ {[%emt 0:00:10]} Nxc5 {[%emt 0:00:04]} 26. Bxe8 {[%emt 0:01:02]} Kxe8 {[%emt 0:00:04]} 27. Nb5 {[%emt 0:01:21]} Bxb2 {[%emt 0:03:53]} 28. Ra2 {[%emt 0:00:10]} Bf6 {[%emt 0:00:39]} 29. Rd5 {[%emt 0:00:20]} Be7 {[%emt 0:03:23]} 30. Rad2 {[%emt 0:03:46]} Be6 {[%emt 0:05:01]} 31. Re5 {[%emt 0:00:59]} Kf7 {[%emt 0:01:05]} 32. Nd6+ {[%emt 0:00:45]} Bxd6 {[%emt 0:00:05]} 33. Rxd6 {[%emt 0:00:09]} Rc8 {[%emt 0:00:42]} 34. Rd4 {[%emt 0:01:38]} Rc7 {[%emt 0:01:11]} 35. Rd8 {[%emt 0:01:14]} Bxc4 {[%emt 0:01:45]} 36. Rh8 {[%emt 0:01:20]} Kf6 {[%emt 0:00:57]} 37. Rf8+ {[%emt 0:00:19]} Bf7 {[%emt 0:00:26]} 38. Ra8 {[%emt 0:00:26]} Nd3 39. Ra6+ {[%emt 0:00:17]} Kg7 {[%emt 0:04:08]} 0-1

[Event "XI Paracin Festival 2018"]
[Site "Paracin"]
[Date "2018.07.07"]
[Round "3"]
[White "Bratkovic, Sham"]
[Black "Martic, Ivan"]
[Result "1/2-1/2"]
[WhiteElo "2190"]
[BlackElo "2375"]
[Annotator "NA"]
[PlyCount "58"]
[EventDate "2018.07.06"]
[EventType "swiss"]
[EventCountry "SRB"]
[SourceTitle "playchess.com"]
[Source "ChessBase"]
[SourceQuality "1"]
[TimeControl "5400+30"]

1. e4 {[%emt 0:00:34]} e5 {[%emt 0:00:00]} 2. Nf3 {[%emt 0:00:27]} Nc6 {[%emt 0:00:00]} 3. Bb5 {[%emt 0:01:07]} Nf6 {[%emt 0:00:11]} 4. d3 {[%emt 0:03:59]} d6 {[%emt 0:00:14]} 5. c3 {[%emt 0:01:16]} g6 {[%emt 0:00:13]} 6. O-O {[%emt 0:01:58]} Bg7 {[%emt 0:00:06]} 7. Nbd2 {[%emt 0:05:03]} O-O {[%emt 0:01:07]} 8. Re1 {[%emt 0:00:36]} a6 {[%emt 0:00:19]} 9. Ba4 {[%emt 0:00:20]} b5 {[%emt 0:00:13]} 10. Bc2 {[%emt 0:00:50]} Bb7 {[%emt 0:00:57]} 11. Nf1 {[%emt 0:01:02]} Re8 {[%emt 0:05:30]} 12. a4 {[%emt 0:04:49]} b4 {[%emt 0:05:38]} 13. a5 {[%emt 0:04:50]} bxc3 {[%emt 0:03:31]} 14. bxc3 {[%emt 0:00:11]} Na7 {[%emt 0:03:01]} 15. Ba4 {[%emt 0:08:53]} Re7 {[%emt 0:04:27]} 16. Ne3 {[%emt 0:07:33]} h6 {[%emt 0:06:41]} 17. Nc4 {[%emt 0:05:24]} d5 {[%emt 0:12:43]} 18. exd5 {[%emt 0:06:00]} Nxd5 {[%emt 0:05:20]} 19. Qb3 {[%emt 0:08:55]} Nb5 {[%emt 0:05:16]} 20. Bxb5 {[%emt 0:03:51]} axb5 {[%emt 0:00:20]} 21. Ncxe5 {[%emt 0:01:36]} c5 {[%emt 0:02:13]} 22. d4 {[%emt 0:08:00]} Rxa5 {[%emt 0:05:26]} 23. Bd2 {[%emt 0:03:20]} c4 {[%emt 0:14:22]} 24. Qb2 {[%emt 0:00:46]} Rxa1 {[%emt 0:00:30]} 25. Rxa1 {[%emt 0:01:06]} Qe8 {[%emt 0:01:34]} 26. Ra5 {[%emt 0:02:58]} Nc7 {[%emt 0:04:43]} 27. Ra7 {[%emt 0:02:05]} Nd5 {[%emt 0:04:54]} 28. Ra5 {[%emt 0:01:09]} Nc7 {[%emt 0:03:23]} 29. Ra7 {[%emt 0:00:13]} Nd5 {[%emt 0:04:06]} 1/2-1/2

[Event "XI Paracin Festival 2018"]
[Site "Paracin"]
[Date "2018.07.07"]
[Round "3"]
[White "Sahin, Ozgun"]
[Black "Lajthajm, Borko"]
[Result "1/2-1/2"]
[WhiteElo "2166"]
[BlackElo "2422"]
[Annotator "NA"]
[PlyCount "171"]
[EventDate "2018.07.06"]
[EventType "swiss"]
[EventCountry "SRB"]
[SourceTitle "playchess.com"]
[Source "ChessBase"]
[SourceQuality "1"]
[TimeControl "5400+30"]

1. e4 {[%emt 0:00:00]} c5 {[%emt 0:00:00]} 2. c3 {[%emt 0:00:00]} a6 {[%emt 0:01:33]} 3. d4 {[%emt 0:00:00]} cxd4 {[%emt 0:00:05]} 4. cxd4 {[%emt 0:00:00]} d5 {[%emt 0:00:03]} 5. exd5 {[%emt 0:00:45]} Nf6 {[%emt 0:00:13]} 6. Nc3 {[%emt 0:00:06]} Nxd5 {[%emt 0:00:14]} 7. Bc4 {[%emt 0:00:45]} Nxc3 {[%emt 0:00:18]} 8. bxc3 {[%emt 0:00:04]} e6 {[%emt 0:00:42]} 9. Nf3 {[%emt 0:02:07]} Qc7 {[%emt 0:00:09]} 10. Qd3 {[%emt 0:01:38]} Nc6 {[%emt 0:02:49]} 11. Bb3 {[%emt 0:01:02]} Na5 {[%emt 0:01:04]} 12. Bc2 {[%emt 0:00:47]} Bd7 {[%emt 0:00:39]} 13. Ne5 {[%emt 0:18:15]} Rc8 {[%emt 0:02:48]} 14. Nxd7 {[%emt 0:05:32]} Qxd7 {[%emt 0:00:42]} 15. O-O {[%emt 0:02:38]} Qc6 {[%emt 0:00:06]} 16. Bd2 {[%emt 0:10:40]} Nc4 {[%emt 0:00:28]} 17. Rfe1 {[%emt 0:15:16]} Be7 {[%emt 0:09:33]} 18. Rac1 {[%emt 0:06:03]} Kf8 {[%emt 0:08:23]} 19. Bf4 {[%emt 0:06:19]} Ba3 {[%emt 0:06:47]} 20. Rb1 {[%emt 0:00:12]} Bd6 {[%emt 0:00:14]} 21. Qg3 {[%emt 0:01:34]} Qc7 {[%emt 0:07:24]} 22. Bxd6+ {[%emt 0:02:12]} Nxd6 {[%emt 0:00:08]} 23. Bd3 {[%emt 0:05:49]} h5 {[%emt 0:01:51]} 24. Rec1 {[%emt 0:02:24]} h4 {[%emt 0:00:24]} 25. Qf3 {[%emt 0:01:15]} h3 {[%emt 0:11:26]} 26. g3 {[%emt 0:00:13]} Rh6 {[%emt 0:00:24]} 27. c4 {[%emt 0:00:54]} Rf6 {[%emt 0:04:36]} 28. Qg4 {[%emt 0:00:46]} Qa5 {[%emt 0:00:35]} 29. Rc2 {[%emt 0:08:10]} b5 {[%emt 0:01:30]} 30. c5 {[%emt 0:00:06]} Qa4 {[%emt 0:05:45]} 31. Qxh3 {[%emt 0:01:47]} Ne8 {[%emt 0:00:13]} 32. d5 {[%emt 0:03:32]} Rh6 {[%emt 0:00:15]} 33. Qg2 {[%emt 0:00:02]} Qd4 {[%emt 0:00:07]} 34. Qe4 {[%emt 0:00:06]} Qxe4 {[%emt 0:02:30]} 35. Bxe4 {[%emt 0:00:02]} exd5 {[%emt 0:00:43]} 36. Bxd5 {[%emt 0:01:22]} Rh5 {[%emt 0:00:13]} 37. Rd1 {[%emt 0:01:09]} Nf6 {[%emt 0:00:54]} 38. Bb7 {[%emt 0:00:03]} Rhxc5 {[%emt 0:00:45]} 39. Rxc5 {[%emt 0:02:14]} Rxc5 {[%emt 0:00:06]} 40. Bxa6 {[%emt 0:00:02]} Nd5 {[%emt 0:01:49]} 41. Bb7 {[%emt 0:00:21]} Nc3 {[%emt 0:00:07]} 42. Rd8+ {[%emt 0:02:58]} Ke7 {[%emt 0:00:36]} 43. Ra8 {[%emt 0:00:02]} Rc4 {[%emt 0:01:23]} 44. Kf1 {[%emt 0:00:58]} Kd6 {[%emt 0:00:23]} 45. Ke1 {[%emt 0:00:29]} Rc7 {[%emt 0:02:44]} 46. Bf3 {[%emt 0:00:10]} Kc5 {[%emt 0:00:10]} 47. h4 {[%emt 0:01:52]} Kb4 {[%emt 0:00:27]} 48. g4 {[%emt 0:00:06]} Rc4 {[%emt 0:00:45]} 49. Ra7 {[%emt 0:01:00]} Rf4 {[%emt 0:00:07]} 50. Bc6 {[%emt 0:00:03]} Rxg4 {[%emt 0:00:45]} 51. Rxf7 {[%emt 0:00:07]} Nxa2 {[%emt 0:00:15]} 52. Rf5 {[%emt 0:01:07]} Nc3 {[%emt 0:00:21]} 53. Rg5 {[%emt 0:00:04]} Rxg5 {[%emt 0:00:26]} 54. hxg5 {[%emt 0:00:01]} Kc5 {[%emt 0:00:08]} 55. Bb7 {[%emt 0:00:43]} b4 {[%emt 0:00:21]} 56. Kd2 {[%emt 0:00:05]} Kc4 {[%emt 0:00:24]} 57. Ba6+ {[%emt 0:01:06]} Kd4 {[%emt 0:00:05]} 58. Kc2 {[%emt 0:00:53]} Ne4 {[%emt 0:00:27]} 59. f4 {[%emt 0:00:11]} g6 {[%emt 0:03:29]} 60. Bc8 {[%emt 0:00:48]} Nd6 {[%emt 0:01:00]} 61. Be6 {[%emt 0:00:32]} Ke4 {[%emt 0:00:12]} 62. Kb3 {[%emt 0:00:24]} Kxf4 {[%emt 0:00:29]} 63. Kxb4 {[%emt 0:00:01]} Kxg5 {[%emt 0:00:05]} 64. Kc5 {[%emt 0:00:06]} Ne4+ {[%emt 0:00:05]} 65. Kd4 {[%emt 0:00:40]} Kf4 {[%emt 0:00:08]} 66. Bd5 {[%emt 0:00:42]} Ng3 {[%emt 0:00:20]} 67. Kd3 {[%emt 0:00:32]} g5 {[%emt 0:00:04]} 68. Bb7 {[%emt 0:00:40]} Nf5 {[%emt 0:00:25]} 69. Ke2 {[%emt 0:00:08]} Nd6 {[%emt 0:02:06]} 70. Bd5 {[%emt 0:00:28]} g4 {[%emt 0:01:00]} 71. Kf2 {[%emt 0:00:12]} Nf5 {[%emt 0:00:30]} 72. Ba8 {[%emt 0:00:49]} Kg5 {[%emt 0:01:52]} 73. Bb7 {[%emt 0:00:33]} Kh4 {[%emt 0:00:08]} 74. Bf3 {[%emt 0:01:07]} g3+ {[%emt 0:00:11]} 75. Kg2 {[%emt 0:00:05]} Ne3+ {[%emt 0:00:35]} 76. Kg1 {[%emt 0:00:04]} Kh3 {[%emt 0:00:45]} 77. Bb7 {[%emt 0:00:09]} Kg4 {[%emt 0:00:41]} 78. Ba8 {[%emt 0:00:10]} Kf4 {[%emt 0:00:22]} 79. Bb7 {[%emt 0:00:05]} Nf5 {[%emt 0:00:25]} 80. Ba8 {[%emt 0:00:40]} Nd6 {[%emt 0:01:09]} 81. Bc6 {[%emt 0:00:39]} Nc4 {[%emt 0:00:37]} 82. Ba8 {[%emt 0:00:10]} Kg4 {[%emt 0:00:15]} 83. Bb7 {[%emt 0:00:16]} Ne5 {[%emt 0:00:09]} 84. Ba8 {[%emt 0:00:05]} Nf3+ {[%emt 0:00:04]} 85. Bxf3+ {[%emt 0:00:18]} Kxf3 {[%emt 0:00:05]} 86. Kh1 {[%emt 0:00:03]} 1/2-1/2

[Event "XI Paracin Festival 2018"]
[Site "Paracin"]
[Date "2018.07.07"]
[Round "3"]
[White "Mitev, Valentin"]
[Black "Ivic, Velimir"]
[Result "0-1"]
[WhiteElo "2086"]
[BlackElo "2432"]
[Annotator "NA"]
[PlyCount "62"]
[EventDate "2018.07.06"]
[EventType "swiss"]
[EventCountry "SRB"]
[SourceTitle "playchess.com"]
[Source "ChessBase"]
[SourceQuality "1"]
[TimeControl "5400+30"]

1. d4 {[%emt 0:00:00]} Nf6 {[%emt 0:00:00]} 2. Bg5 {[%emt 0:00:00]} e6 {[%emt 0:00:00]} 3. e4 {[%emt 0:00:05]} h6 {[%emt 0:00:06]} 4. Bxf6 {[%emt 0:00:06]} Qxf6 {[%emt 0:00:06]} 5. c3 {[%emt 0:00:03]} d6 {[%emt 0:00:42]} 6. Bd3 {[%emt 0:00:09]} e5 {[%emt 0:02:32]} 7. Ne2 {[%emt 0:00:08]} g6 {[%emt 0:01:09]} 8. O-O {[%emt 0:00:58]} Bg7 {[%emt 0:00:36]} 9. f4 {[%emt 0:01:15]} Qe7 {[%emt 0:00:12]} 10. dxe5 {[%emt 0:05:51]} dxe5 {[%emt 0:00:13]} 11. f5 {[%emt 0:00:24]} O-O {[%emt 0:06:05]} 12. Ng3 {[%emt 0:09:45]} Nd7 {[%emt 0:01:53]} 13. Qf3 {[%emt 0:00:49]} Nf6 {[%emt 0:07:04]} 14. Na3 {[%emt 0:02:48]} h5 {[%emt 0:01:12]} 15. Rfe1 {[%emt 0:06:11]} b6 {[%emt 0:09:53]} 16. Nc2 {[%emt 0:06:21]} Bb7 {[%emt 0:01:39]} 17. Ne3 {[%emt 0:07:16]} Rad8 {[%emt 0:07:32]} 18. Bc2 {[%emt 0:00:59]} Bh6 {[%emt 0:13:55]} 19. Ngf1 {[%emt 0:04:36]} Rd7 {[%emt 0:12:36]} 20. h3 {[%emt 0:05:48]} Bf4 {[%emt 0:05:15]} 21. g3 {[%emt 0:05:20]} Bh6 {[%emt 0:02:06]} 22. Re2 {[%emt 0:03:55]} Kg7 {[%emt 0:10:25]} 23. Rg2 {[%emt 0:03:16]} Rfd8 {[%emt 0:04:41]} 24. g4 {[%emt 0:04:36]} hxg4 {[%emt 0:03:10]} 25. Nxg4 {[%emt 0:02:54]} Bf4 {[%emt 0:04:17]} 26. fxg6 {[%emt 0:08:06]} fxg6 {[%emt 0:00:53]} 27. Nge3 {[%emt 0:00:48]} Kh7 {[%emt 0:02:11]} 28. Nd5 {[%emt 0:01:35]} Qc5+ {[%emt 0:00:51]} 29. Rf2 {[%emt 0:09:16]} Nxd5 {[%emt 0:01:29]} 30. exd5 {[%emt 0:00:06]} Qxd5 {[%emt 0:00:36]} 31. Qh5+ {[%emt 0:00:31]} Kg8 {[%emt 0:00:35]} 0-1